000 02451nab a2200349 a 4500
005 20210219163818.0
008 991125s1985 mx 000 0 spa u
035 _aUPN01000229798
049 _aART-E
100 1 _aDe Filippo, Daniela
_6- dfilippo@bib.uc3m.es
100 1 _aGarcía Zorita, Carlos
100 1 _aLascurain Sánchez, María Luisa
100 1 _aMarugán, Sergio
100 1 _aSanz Casado, Elías
222 0 _aREVISTA IBEROAMERICANA DE PSICOLOGIA Y SALUD
245 0 3 _aLa actividad investigadora del sistema universitario español (2003-2012). Resultados del observatorio IUNE (III edición)
260 _aEspaña
300 _a167-186
362 0 _a2014, Vol. 5, no. 2
520 3 _aEl objetivo de este trabajo es presentar y analizar la investigación del Sistema Universitario Español para el período 2003-2012. Se trata de un estudio descriptivo mediante el análisis de publicaciones en Web of Science y otros input y output de I+D recogidos de fuentes oficiales. Los datos se obtuvieron de la III edición del Observatorio IUNE (Investigación en la Universidad Española) del 2014. Se puede apreciar que el número de profesores es de 60000 anuales con un incremento del 14% en la década analizada. Se han publicado 332351 documentos en la Web of Science, aumentando un 112% en estos 10 años. Destaca la producción en Ciencias Experimentales (41%). Una de las características más relevantes es el crecimiento de la colaboración internacional (del 35% al 42%). Los indicadores de impacto muestran un promedio de 11 citas/documento, un 48% de documentos publicados en revistas del primer cuartil y un 7% en TOP3. Los datos sobre patentes concedidas, tesis defendidas, becas predoctorales, y participación en Proyectos Nacionales y Europeos, completan el panorama de la actividad investigadora de las universidades. Estos resultados permiten detectar un aumento sostenido en la productividad y una marcada tendencia de las universidades hacia la internacionalización de la investigación.
653 0 _aINVESTIGACION CIENTIFICA
653 0 _aPRODUCCION CIENTIFICA
653 0 _aEDUCACION SUPERIOR
653 0 _aBIBLIOMETRIA
653 0 _aESPAÑA
856 4 _uhttp://suips.webs.uvigo.es/index.php?option=com_docman&Itemid=110
905 _aArticulo
336 _atexto$2rdacontent
337 _acomputadora$2rdamedia
338 _arecurso en linea$2rdacarrier
999 _c201893
_d201893